Estatísticas para Participantes do Campeonato Brasileiro de 2017 - Série B

Clique aqui para jogar o quiz

Estatísticas Gerais

  • Esse quiz foi jogado 46 vezes
  • A pontuação média é 18 de 20

Estatísticas das Respostas

Cidade/UFEquipe% Correto
Criciúma/SCCriciúma
100%
Londrina/PRLondrina
100%
Belo Horizonte/MGAmérica Mineiro
98%
Goiânia/GOGoiás
98%
Porto Alegre/RSInternacional
98%
Recife/PENáutico
98%
Pelotas/RSBrasil de Pelotas
95%
Fortaleza/CECeará
95%
Campinas/SPGuarani
95%
Belém/PAPaysandu
95%
Natal/RNABC
93%
Florianópolis/SCFigueirense
93%
Caxias do Sul/RSJuventude
93%
Curitiba/PRParaná
93%
Recife/PESanta Cruz
93%
Goiânia/GOVila Nova
88%
Lucas do Rio Verde/MTLuverdense
83%
Maceió/ALCRB
80%
Varginha/MGBoa Esporte
78%
Itápolis/SPOeste
78%

Distribuição das Pontuações

Percentil de Números Respondidos

Porcentagem de Pessoas com Cada Pontuação

Sua Pontuação Histórica

Você não jogou esse quiz